LEADER 01363nam 2200397 450 001 000001093 005 20050718115000.0 100 $a--------d1932----km-y0itay0103----ba 101 0 $aita 102 $aIT 200 1 $a<> "visioni dantesche" di Aristide Foā$fMichele Rigillo 210 $aParma$cTip. "La bodoniana"$d1932 (XI) 215 $a5 p.$c2 p. ill. f. t.$d25 cm 225 1 $aBiblioteca dell'Aurea Parma$iNuova serie$vN. 63 303 $aFront. in cop. 303 $aSul front. dedica manoscritta dell'aut.: "Omaggio e ricordo/ l'a." 606 $aFoā Aristide$xSaggi 700 1$aRigillo,$bMichele$0438376 801 0$aIT$bUniversitā della Basilicata - B.I.A.$gRICA$2unimarc 912 $a000001093 996 $a"visioni dantesche" di Aristide Fo?$970368 997 $aUNIBAS BAS $aMONLET BAS $aMONOGR BAS $aLETTERE CAT $aGINO$b01$c19990706$lBAS01$h1742 CAT $c20000913$lBAS01$h1424 CAT $c20000920$lBAS01$h1828 CAT $c20001010$lBAS01$h1631 CAT $c20050601$lBAS01$h1752 CAT $abatch$b01$c20050718$lBAS01$h1047 CAT $c20050718$lBAS01$h1106 CAT $c20050718$lBAS01$h1136 CAT $c20050718$lBAS01$h1150 FMT Z30 -1$lBAS01$LBAS01$mBOOK$1BASA1$APolo Storico-Umanistico$2FDEP$BFondo De Pilato$3FD/1707$61707$5D1707$819990706$f52$FRari